|
|
|
|
| LEADER |
00788nab#a2200289#ar4500 |
| 001 |
000083301 |
| 003 |
SVKKK |
| 005 |
20070321082201.0 |
| 008 |
070321c2006 xo e slo |
| FMT |
|
|
|
| 038 |
|
|
|a SVKKK
|
| 040 |
|
|
|a SVKKK
|b slo
|e AACR2
|
| 041 |
0 |
|
|a slo
|
| 044 |
|
|
|a xo
|c SK
|
| 080 |
|
|
|a 502.3(083.97)
|2 1997
|
| 100 |
1 |
|
|a Kopečný, T.
|4 pht
|
| 245 |
1 |
0 |
|a EÚ oprášila Stratégiu trvalo udržateľného rozvoja
|c T. Kopečný, M. Ridzoňová
|
| 300 |
|
|
|b Fotogr.
|
| 610 |
2 |
4 |
|a Stratégia trvalo udržateľného rozvoja
|x obnovenie (Európska únia)
|y 2006
|x ciele
|
| 700 |
1 |
|
|a Ridzoňová, M.
|4 pht
|
| 773 |
0 |
|
|t Enviromagazín
|x 1335-1877
|g Roč. 11, č. 4(2006), s. 22-23
|
| 974 |
|
|
|a MI
|
| 992 |
|
|
|a RBX
|
| BAS |
|
|
|
| 852 |
|
|
|a SVKKK
|b BIB
|
| EXP |
|
|
|
| 998 |
|
|
|a SLO
|